Bilecik Bilecik Bilecik Bilecik Bilecik

Makalelerle Mardin IV : (Record no. 31606)

MARC details
000 -BAŞLIK
Sabit Uzunluktaki Kontrol Alanı 01273nam a22003617a 4500
008 - SABİT UZUNLUKTAKİ VERİ ÖGELERİ - GENEL BİLGİ
Sabit Alan 110826b2007 tu a|||gr||||#||||0|tur |
040 ## - KATALOGLAMA KAYNAĞI
Özgün Kataloglama Kurumu TR-BiSEU
Kataloglama Dili tur
Çeviri Kurumu TR-BiSEU
Açıklama Kuralları rda
001 - KONTROL NUMARASI
Control Dosyası 0031695
003 - KONTROL NUMARASI KİMLİĞİ
Kontrol Alanı KOHA_MİRAKIL
005 - EN SON İŞLEM TARİHİ ve ZAMANI
Kontrol Alanı 20260207002809.0
007 - FİZİKSEL TANIM SABİT ALAN - GENEL BİLGİ
Sabit uzunluklu kontrol alanı ta
020 ## - ISBN - ULUSLARARASI STANDART KİTAP NUMARASI
Isbn 9755856366
Nitelik bilgileri (tk.)
020 ## - ISBN - ULUSLARARASI STANDART KİTAP NUMARASI
Isbn 9755856374
Nitelik bilgileri (c.1)
020 ## - ISBN - ULUSLARARASI STANDART KİTAP NUMARASI
Isbn 9755856382
Nitelik bilgileri (c.2)
020 ## - ISBN - ULUSLARARASI STANDART KİTAP NUMARASI
Isbn 9755856390
Nitelik bilgileri (c.3)
020 ## - ISBN - ULUSLARARASI STANDART KİTAP NUMARASI
Isbn 9755856404
Nitelik bilgileri (c.4)
Kullanılabilirlik koşulları 0,01
041 0# - DİL KODU
Metin ya da ses kaydının dil kodu tur
044 ## - YAYINLAYAN/ÜRETEN KURULUŞUN ÜLKE KODU
ISO country code tu
050 ## - SINIFLAMA ve YER NUMARASI
Sınıflama Numarası DS51.M37
Yer Numarası M37 2007
245 0# - ESER ADI BİLDİRİMİ
Başlık Makalelerle Mardin IV :
Alt Eseradı vb. Önemli simalar dini topluluklar/
Sorumluluk Bildirimi haz. İbrahim Özcoşar.
264 #1 - ÜRERİM, YAYIN, DAĞITIM ve TELİF BİLDİRİMİ
Yayın yeri İstanbul :
Yayınlayan Mardin Valiliği İl Özel İdaresi
Yayın tarihi 2007
300 ## - FİZİKSEL TANIMLAMA
Sayfa, Cilt vb. 307 s.4 c. :
Diğer fiziki detaylar res., hrt. ;
Boyutları 24 cm.
336 ## - İÇERİK TÜRÜ
Content type term metin
Content type code txt
Source rdacontent
337 ## - MEDYA TÜRÜ
Media type term aracısız
Media type code n
Source rdamedia
338 ## - TAŞIYICI TÜRÜ
Carrier type term cilt
Carrier type code nc
Source rdacarrier
490 1# - DİZİ BİLDİRİMİ
Dizi Bildirimi Mardin Tarihi İhtisas Kütüphanesi ;
Cilt Numarası yayın no: 7
500 ## - GENEL NOT
Genel Not Kaynakça var.
500 ## - GENEL NOT
Genel Not c. 1. Tarih-coğrafya -- c. 2. Ekonomi-nüfus-kentsel yapı --c. 3. Eğitim-kültür-edebiyat -- c. 4. Önemli simalar-dini topluluklar.
650 #0 - KONU BAŞLIĞI EK GİRİŞ - KONU TERİMİ
Konusal terim veya coğrafi ad Mardin (Türkiye).
9 (RLIN) 61639
650 #0 - KONU BAŞLIĞI EK GİRİŞ - KONU TERİMİ
Konusal terim veya coğrafi ad Mardin Ili(Turkey).
9 (RLIN) 61640
830 1# - SERİ EK GİRİŞİ - TEKBİÇİM ESER ADI
Tekbiçim Başlık Mardin Tarihi İhtisas Kütüphanesi ;
Volume number/sequential designation yayın no: 7
9 (RLIN) 62480
942 ## - EK GİRİŞ ÖGELERİ (KOHA)
Source of classification or shelving scheme Library of Congress Classification
Koha item type Book
Holdings
Materyal Türü Kalıcı Konum Mevcut Konum Raf Yeri Sınıflandırma Kaynağı Edinim Bilgisi Ana Konular Alt Konular Yer Numarası Cilt Bilgisi Demirbaş Numarası Fatura Tarihi Geri Çekilme Durumu Kayıp Durumu Hasarlı Durumu Kredi için değil Kayıt Tarih Toplam Ödünçverme Son Görülme Tarihi Son Kontrol Tarihi Genel / Bağış Notu
Book Prof. Dr. Azmi Özcan Kütüphanesi Prof. Dr. Azmi Özcan Kütüphanesi Uluğbey Salonu Library of Congress Classification Bağış DÜNYA TARİHİ (AVRUPA, ASYA, AFRİKA VB.) Asya DS51.M37 M37 2007 c.4 0031695 02/02/2026         26/08/2011 2 05/12/2024 05/12/2024 YÖK Tez Merkezi